<?xml version="1.0" encoding="UTF-8"?>
<collection xmlns="http://www.loc.gov/MARC21/slim">
 <record>
  <leader>00952pam a22002178a 4500</leader>
  <controlfield tag="001">00044478</controlfield>
  <controlfield tag="005">20190801150816.0</controlfield>
  <controlfield tag="008">110528s1999                  ||||||Viesd</controlfield>
  <datafield tag="020" ind1="#" ind2="#">
   <subfield code="c">24500</subfield>
  </datafield>
  <datafield tag="041" ind1="0" ind2="#">
   <subfield code="a">Vie</subfield>
  </datafield>
  <datafield tag="082" ind1="1" ind2="4">
   <subfield code="a">621.3</subfield>
   <subfield code="b">K300TH</subfield>
  </datafield>
  <datafield tag="100" ind1="0" ind2="#">
   <subfield code="a">Đặng, Văn Đào</subfield>
  </datafield>
  <datafield tag="245" ind1="0" ind2="0">
   <subfield code="a">Kĩ thuật điện</subfield>
   <subfield code="b">Đã được hội đồng môn học Bộ Giáo dục và Đào tạo thông qua dùng làm tài liệu giảng dạy trong các trường đại học kĩ thuật</subfield>
   <subfield code="c">Đặng Văn Đào; Lê Văn Doanh</subfield>
  </datafield>
  <datafield tag="260" ind1="#" ind2="#">
   <subfield code="a">Hà Nội</subfield>
   <subfield code="b">Giáo dục</subfield>
   <subfield code="c">2009</subfield>
  </datafield>
  <datafield tag="300" ind1="#" ind2="#">
   <subfield code="a">188 tr.</subfield>
   <subfield code="c">27 cm.</subfield>
  </datafield>
  <datafield tag="653" ind1="#" ind2="#">
   <subfield code="a">Kỹ thuật</subfield>
  </datafield>
  <datafield tag="653" ind1="#" ind2="#">
   <subfield code="a">kỹ thuật điện tử</subfield>
  </datafield>
  <datafield tag="700" ind1="1" ind2="#">
   <subfield code="a">Lê, Văn Doanh</subfield>
  </datafield>
  <datafield tag="852" ind1="#" ind2="#">
   <subfield code="j">KD.0026111</subfield>
   <subfield code="j">KM.0032313</subfield>
   <subfield code="j">KM.0032314</subfield>
   <subfield code="j">KM.0032315</subfield>
   <subfield code="j">KM.0032318</subfield>
   <subfield code="j">KM.0032317</subfield>
   <subfield code="j">KM.0032312</subfield>
   <subfield code="j">KM.0032316</subfield>
  </datafield>
  <datafield tag="910" ind1="0" ind2="#">
   <subfield code="d">1/8/2019</subfield>
  </datafield>
  <datafield tag="980" ind1="#" ind2="#">
   <subfield code="a">Trung tâm Học liệu Lê Vũ Hùng, Trường Đại học Đồng Tháp</subfield>
  </datafield>
 </record>
</collection>
